| 000 | 02300nam a22002417a 4500 | ||
|---|---|---|---|
| 003 | Uzh_bibl | ||
| 008 | 260417b |||||||| |||| 00| 0 ukr d | ||
| 020 |
_a 966-569-013-2 _c57.72 |
||
| 040 | _bукр. | ||
| 080 | _a81 | ||
| 090 |
_a81 _bВ 27 |
||
| 100 | _a- | ||
| 245 |
_aВеликий тлумачний словник сучасної української мови _cУклад. і голов. редактор В.Т.Бусел _hТекст |
||
| 260 |
_aКиїв; Ірпінь _b Перун _c2004 |
||
| 300 |
_a1440 с. _fВ опр. |
||
| 520 | _aВеликий тлумачний словник сучасної української мови є універсальним довідником із сучасн В ньому об'єднано академічну повноту мовної лексики з лаконічною формо- однотомного видання. Словник містить близько 170 тис. слів і словосполучень, у тому числі й ті, ш увійшли в українську літературну мову протягом останнього десятиліття. Окрім загальновживаних слів. словнику наводяться основні терміни сучасної науки і техніки, а також слова, що визначають явища реалії виробничого, культурного і побутового життя. Новим для тлумачних словників є введення в дея статті енциклопедичних довідок. | ||
| 521 | _aСловник є популярним, загальнодоступним виданням, розрахованим на широкий загал: учнів старш класів середніх шкіл, гімназій, ліцеїв, студентів, аспірантів, викладачів української мови та всіх, хто вивч українську мову і послуговується нею у повсякденному житті. | ||
| 546 | _aукр. | ||
| 650 | _aДовідкові видання | ||
| 653 | _aМовна лексика | ||
| 655 | _aСловник | ||
| 942 |
_2udc _cBK |
||
| 999 |
_c17367 _d17367 |
||